| 000 | 00589nam a2200217 a 4500 | ||
|---|---|---|---|
| 001 | 001037758 | ||
| 003 | AM-YeHGA | ||
| 005 | 20250617150844.0 | ||
| 008 | 140922s2009 ||| r 000 0 eng d | ||
| 040 | _aAM-YeHGA | ||
| 041 | 0 | _aeng | |
| 245 | 0 | 0 |
_aItalian libraries / _cDir.: Flavia Cristiano; Ed.: Itala Appi. |
| 260 |
_aMilan : _bIFLA, _c2009. |
||
| 300 | _a150 p. | ||
| 440 | 0 | _aQuaderni di Libri e Riviste d`Italia 62. / | |
| 650 | 1 | 4 | _aItaly - libraries |
| 653 | 0 | _aDiagital libraries | |
| 700 | 1 |
_aCristiano, Flavia _edir |
|
| 700 | 1 |
_aAppi, Itala _eedt |
|
| 090 | _c341681 | ||
| 999 |
_c339899 _d339899 |
||